000 01545nam a22001937a 4500
001 3565
003 FISKH
005 20251016110802.0
008 240320b cb ||||| |||| 00| 0 eng d
040 _aFISKH
_beng
_cFISKH
_dFISKH
050 _aPZ7.A4637
082 _a813.54
100 _aAlter, Robert Edmond
245 _aListen, the drum!
_bA novel of Washington's first command
_cBy Robert Edmond Alter
260 _aNew York :
_bG.P. Putnam's Sons,
_c1963
300 _a189 pages :
_c21 cm.
520 _aMatt Burnett joins the militia when he hears of pending French and Indian attacks upon colonial settlers. He immediately finds himself regarded as a hero and at the same time a spy-suspect, both situations arising from a series of incidents involving the young Major George Washington. Matt and Chief, his elderly Indian accomplice, begin their adventure by foiling an ambush of Washington. Shortly afterward, Matt is part of the young Washington's first military command. The colonial militia, augmented by British regulars, sets out to intercept a French and Indian invasion. Washington is beset by the resentment of regular British officers at being subordinate to a colonist. He is also hampered by the lack of discipline in his militia, and by the nagging doubt about whether one of the colonials in his command is practicing treachery. The climax comes when the young colonel, abandoned by the British and outnumbered by the enemy, decides to erect a primitive defense which history remembers as Fort Necessity.
942 _2ddc
_cBK
_n0
999 _c3565
_d3565